Vista normal
Vista MARC
Entrada Personal Name
Número de registros utilizados en: 1
001 - CONTROL NUMBER
- control field: 44537
003 - CONTROL NUMBER IDENTIFIER
- control field: OSt
005 - DATE AND TIME OF LATEST TRANSACTION
- control field: 20260224092251.0
008 - FIXED-LENGTH DATA ELEMENTS
- fixed length control field: 260224|| aca||aabn | a|a d
040 ## - CATALOGING SOURCE
- Original cataloging agency: OSt
- Transcribing agency: OSt
100 ## - HEADING--PERSONAL NAME
- Personal name: Ebon, Martín
- Dates associated with a name: 1917 - 2006
670 ## - SOURCE DATA FOUND
- Source citation: Work cat.: (OSt)31153: Ebon, Martín 1917 - 2006, Los poderes psiquicosa de la Piramide: , 1992